LEADER 01028nam0-22003371i-450- 001 990000981390403321 035 $a000098139 035 $aFED01000098139 035 $a(Aleph)000098139FED01 035 $a000098139 100 $a20000920d1956----km-y0itay50------ba 101 0 $aeng 200 1 $aIntroduction to the Geometry of Complex Numbers$fby Roland Deaux$gtranslated from the revised french edition by Howard Eves 210 $aNew York$cFrederick Ungar$d1956 610 0 $aCalcolo delle variazioni 610 0 $aDifferenze finite 610 0 $aIntegrali di fourier 610 0 $aTrasformazioni di fourier e laplace 610 0 $aFunzioni di variabile complessa 676 $a517.4 676 $a517.5 700 1$aDeaux,$bRoland$046126 702 1$aEves,$bHoward 801 0$aIT$bUNINA$gRICA$2UNIMARC 901 $aBK 912 $a990000981390403321 952 $a16-062$b4663$fFI1 959 $aFI1 996 $aIntroduction to the geometry of complex numbers$9344715 997 $aUNINA DB $aING01 LEADER 03436nam a2200397Ii 4500 001 991003258869707536 006 m d 007 cr cn||||||||| 008 070806s2003 maua s 001 0 eng d 020 $a9781931836906 020 $a1931836906 035 $ab13656569-39ule_inst 037 $a101095:101128$bElsevier Science & Technology$nhttp://www.sciencedirect.com 040 $aOPELS$cOPELS 049 $aTEFA 082 04$a005.8$222 245 04$aThe best damn firewall book period$h[electronic resource] /$cThomas W. Shinder ... [et al.] ; Anne Carasik-Henmi, technical editor. 246 30$aFirewall book period 260 $aRockland, MA :$bSyngress,$cc2003. 300 $axxxiv, 1293 p. :$bill. ;$c25 cm. 500 $aIncludes index. 520 $aThis book is essential reading for anyone wanting to protect Internet-connected computers from unauthorized access. Coverage includes TCP/IP, setting up firewalls, testing and maintaining firewalls, and much more. All of the major important firewall products are covered including Microsoft Internet Security and Acceleration Server (ISA), ISS BlackICE, Symantec Firewall, Check Point NG, and PIX Firewall. Firewall configuration strategies and techniques are covered in depth. The book answers questions about firewalls, from How do I make Web/HTTP work through my firewall? To What is a DMZ, and why do I want one? And What are some common attacks, and how can I protect my system against them? The Internet's explosive growth over the last decade has forced IT professionals to work even harder to secure the private networks connected to itfrom erecting firewalls that keep out malicious intruders to building virtual private networks (VPNs) that permit protected, fully encrypted communications over the Internet's vulnerable public infrastructure. The Best Damn Firewalls Book Period covers the most popular Firewall products, from Cisco's PIX Firewall to Microsoft's ISA Server to CheckPoint NG, and all the components of an effective firewall set up. Anything needed to protect the perimeter of a network can be found in this book. - This book is all encompassing, covering general Firewall issues and protocols, as well as specific products. - Anyone studying for a security specific certification, such as SANS' GIAC Certified Firewall Analyst (GCFW) will find this book an invaluable resource. - The only book to cover all major firewall products from A to Z: CheckPoint, ISA Server, Symatec, BlackICE, PIX Firewall and Nokia. 533 $aElectronic reproduction.$bAmsterdam :$cElsevier Science & Technology,$d2007.$nMode of access: World Wide Web.$nSystem requirements: Web browser.$nTitle from title screen (viewed on Aug. 2, 2007).$nAccess may be restricted to users at subscribing institutions. 650 0$aFirewalls (Computer security) 650 0$aComputer security$xComputer programs. 655 7$aElectronic books.$2local 700 1 $aShinder, Thomas W. 700 1 $aCarasik, Anne H. 776 1 $cOriginal$w(OCoLC)54933096 856 40$3Referex$uhttp://www.sciencedirect.com/science/book/9781931836906$zAn electronic book accessible through the World Wide Web; click for information 907 $a.b13656569$b24-02-22$c24-01-08 912 $a991003258869707536 994 $aC0$bTEF 996 $aBest damn firewall book period$91212979 997 $aUNISALENTO 998 $ale029$b24-01-08$cm$dm $e-$feng$gmau$h4$i0